[Event "Kronborg Chess Open 2022 Master 2"]
[Site "Helsingor"]
[Date "2022.05.26"]
[Round "1"]
[White "Bergsson, Stefan"]
[Black "Meskenas, Paulius"]
[Result "1/2-1/2"]
[WhiteElo "2090"]
[BlackElo "2128"]
[PlyCount "66"]
[EventDate "2022.05.26"]
[EventType "tourn"]
[EventRounds "7"]
[EventCountry "DEN"]

1. Nf3 c5 2. e4 d6 3. d4 cxd4 4. Nxd4 g6 5. c4 Bg7 6. Nc3 Nf6 7. Be2 Nc6 8. Be3
Bd7 9. O-O O-O 10. Rc1 Rc8 11. b3 a6 12. f3 Qa5 13. Qd2 Rfe8 14. Rfd1 Nxd4 15.
Bxd4 b5 16. Bxf6 exf6 17. Qxd6 Be6 18. Qf4 bxc4 19. Bxc4 Bxc4 20. bxc4 Rxc4 21.
Nd5 Rxc1 22. Rxc1 f5 23. Qd6 fxe4 24. fxe4 Bd4+ 25. Kh1 Kg7 26. Rf1 Rxe4 27.
Qd7 Bf2 28. Qd6 Qe1 29. Qxa6 Re2 30. Qf6+ Kh6 31. Qf4+ Kg7 32. Qf6+ Kg8 33.
Qd8+ Kg7 1/2-1/2

[Event "Kronborg Chess Open 2022 Master 2"]
[Site "Helsingor"]
[Date "2022.05.26"]
[Round "1"]
[White "Koukas, Anastasios"]
[Black "Kakulidis, Ellen"]
[Result "1/2-1/2"]
[WhiteElo "2078"]
[BlackElo "2083"]
[PlyCount "66"]
[EventDate "2022.05.26"]
[EventType "tourn"]
[EventRounds "7"]
[EventCountry "DEN"]

1. e4 c5 2. c3 Nf6 3. e5 Nd5 4. Nf3 d6 5. d4 cxd4 6. cxd4 Nc6 7. Bc4 dxe5 8.
Nxe5 e6 9. O-O Be7 10. Nc3 Nxc3 11. bxc3 Nxe5 12. dxe5 Qxd1 13. Rxd1 Bd7 14.
Be3 Bc6 15. Rab1 O-O 16. Kf1 b6 17. Bb5 Bxb5+ 18. Rxb5 Rfd8 19. Rxd8+ Rxd8 20.
Ke2 h5 21. a4 Rc8 22. Kd3 Bd8 23. c4 Rc6 24. a5 Kf8 25. a6 Ke8 26. f4 Kd7 27.
c5 Kc8 28. Kc4 Be7 29. g3 Bxc5 30. Bxc5 bxc5 31. Rb7 Rc7 32. Rxc7+ Kxc7 33.
Kxc5 g6 1/2-1/2

[Event "Kronborg Chess Open 2022 Master 2"]
[Site "Helsingor"]
[Date "2022.05.26"]
[Round "1"]
[White "Jorgensen, Dennis"]
[Black "Sevastianov, Andrii"]
[Result "1/2-1/2"]
[WhiteElo "2129"]
[BlackElo "2108"]
[PlyCount "56"]
[EventDate "2022.05.26"]
[EventType "tourn"]
[EventRounds "7"]
[EventCountry "DEN"]

1. d4 d5 2. Nf3 Nf6 3. c4 e6 4. g3 dxc4 5. Bg2 a6 6. O-O Nc6 7. e3 Bd7 8. Qe2
Bd6 9. Qxc4 O-O 10. Rd1 Rb8 11. Qe2 e5 12. dxe5 Nxe5 13. Nc3 Bg4 14. e4 Qe7 15.
Bf4 Rbd8 16. h3 Nxf3+ 17. Bxf3 Bxf4 18. hxg4 Be5 19. Rxd8 Rxd8 20. Rd1 Rxd1+
21. Nxd1 Qc5 22. Kg2 Nd7 23. Qd2 Bd4 24. Ne3 Qe5 25. Nc4 Qc5 26. Ne3 Qe5 27.
Nc4 Qc5 28. Ne3 Qe5 1/2-1/2

[Event "Kronborg Chess Open 2022 Master 2"]
[Site "Helsingor"]
[Date "2022.05.26"]
[Round "1"]
[White "Andersen, Lars Rene"]
[Black "Goh, Zi Han"]
[Result "0-1"]
[WhiteElo "2098"]
[BlackElo "2087"]
[PlyCount "69"]
[EventDate "2022.05.26"]
[EventType "tourn"]
[EventRounds "7"]
[EventCountry "DEN"]

1. c4 Nf6 2. g3 g6 3. Bg2 Bg7 4. Nc3 O-O 5. e3 d6 6. Nge2 e5 7. O-O Nc6 8. d3
Bg4 9. h3 Be6 10. Nd5 Nd7 11. Rb1 a5 12. Bd2 f5 13. a3 a4 14. Bc3 Nc5 15. Bb4
Nd7 16. Nec3 Nxb4 17. Nxb4 c6 18. Nxa4 f4 19. Nc3 fxg3 20. fxg3 Qg5 21. Qe1 Nc5
22. Rxf8+ Rxf8 23. Rd1 Bf5 24. d4 exd4 25. exd4 Nb3 26. g4 Bxd4+ 27. Kh1 Bd7
28. Ne4 Qe5 29. Nd3 Qe7 30. Qb4 Bxg4 31. Qxb3 Qh4 32. Nef2 Bxd1 33. Nxd1 Qg3
34. Qc2 Rf1+ 35. Bxf1 0-1

[Event "Kronborg Chess Open 2022 Master 2"]
[Site "Helsingor"]
[Date "2022.05.26"]
[Round "2"]
[White "Bergsson, Stefan"]
[Black "Koukas, Anastasios"]
[Result "1-0"]
[WhiteElo "2090"]
[BlackElo "2078"]
[PlyCount "89"]
[EventDate "2022.05.26"]
[EventType "tourn"]
[EventRounds "7"]
[EventCountry "DEN"]

1. d4 Nf6 2. Bf4 d5 3. e3 c5 4. Nf3 e6 5. Nbd2 Bd6 6. Bg3 O-O 7. Bd3 c4 8. Be2
Nc6 9. c3 Qc7 10. Bh4 Nd7 11. e4 Re8 12. O-O Nf8 13. e5 Be7 14. b3 cxb3 15.
axb3 Bxh4 16. Nxh4 Ne7 17. c4 Nfg6 18. Nxg6 hxg6 19. Qb1 Bd7 20. Rc1 Qd8 21.
Qb2 Bc6 22. c5 Nf5 23. b4 a6 24. Bd3 Qh4 25. Bxf5 gxf5 26. Ra3 Qg4 27. Re1 Reb8
28. Rg3 Qh5 29. Qc3 b6 30. Nf3 bxc5 31. Qxc5 Rc8 32. Qe7 f4 33. Rh3 Qg6 34. Qh4
Kf8 35. Qxf4 Bb5 36. Rg3 Qf5 37. Qh4 g6 38. Ng5 Be2 39. h3 Bh5 40. Nh7+ Kg7 41.
Nf6 Rh8 42. Rg5 Bg4 43. Qxg4 Qxg4 44. Rxg4 Rab8 45. Ra1 1-0

[Event "Kronborg Chess Open 2022 Master 2"]
[Site "Helsingor"]
[Date "2022.05.26"]
[Round "2"]
[White "Kakulidis, Ellen"]
[Black "Jorgensen, Dennis"]
[Result "1-0"]
[WhiteElo "2083"]
[BlackElo "2129"]
[PlyCount "106"]
[EventDate "2022.05.26"]
[EventType "tourn"]
[EventRounds "7"]
[EventCountry "DEN"]

1. d4 d5 2. c4 c6 3. cxd5 cxd5 4. Bf4 Nf6 5. e3 Nc6 6. Bb5 Bd7 7. Nc3 e6 8. Nf3
Bb4 9. O-O O-O 10. a3 Bxc3 11. bxc3 Qa5 12. c4 dxc4 13. Bxc4 Rfc8 14. Bd3 h6
15. Qe2 Nd5 16. Bd6 Qd8 17. e4 Nc3 18. Qd2 Na5 19. Bb4 Nb3 20. Qb2 Nxa1 21.
Bxc3 Qc7 22. Rc1 b5 23. Qxa1 a5 24. Bd2 Qb6 25. Rxc8+ Bxc8 26. h3 Bb7 27. Qb2
Bc6 28. Ne5 Be8 29. Be3 Qb7 30. Qe2 b4 31. axb4 axb4 32. Qb2 b3 33. Bb1 Qb4 34.
Nd3 Qc4 35. Nc5 Rb8 36. Bd3 Qb4 37. Bd2 Qb6 38. Bc3 e5 39. Na6 Ra8 40. dxe5 Ba4
41. Nb4 Qc5 42. e6 Rc8 43. exf7+ Kxf7 44. Nd5 Rc6 45. Qd2 Kg8 46. Qf4 Qd6 47.
Qxd6 Rxd6 48. Kf1 Kf7 49. Ke2 g5 50. Bc4 Ke8 51. Kd3 Kd7 52. Bb2 Kc6 53. Kc3
Rd7 1-0

[Event "Kronborg Chess Open 2022 Master 2"]
[Site "Helsingor"]
[Date "2022.05.26"]
[Round "2"]
[White "Sevastianov, Andrii"]
[Black "Andersen, Lars Rene"]
[Result "1-0"]
[WhiteElo "2108"]
[BlackElo "2098"]
[PlyCount "111"]
[EventDate "2022.05.26"]
[EventType "tourn"]
[EventRounds "7"]
[EventCountry "DEN"]

1. c4 c6 2. g3 d5 3. Nf3 Nf6 4. Bg2 Bf5 5. cxd5 cxd5 6. Qb3 Bc8 7. O-O Nc6 8.
d3 e6 9. Bf4 Bd6 10. Bxd6 Qxd6 11. Qa3 Qxa3 12. bxa3 b6 13. Nc3 Bb7 14. e4 dxe4
15. dxe4 Ke7 16. e5 Nd7 17. Rfe1 Rac8 18. Nb5 Ba8 19. Rad1 Rcd8 20. h4 Ndxe5
21. Nxe5 Rxd1 22. Rxd1 Nxe5 23. Nxa7 Bxg2 24. Kxg2 Ra8 25. Nb5 Ra5 26. Rb1 h5
27. Nd4 Rd5 28. Nf3 Nd7 29. Kf1 f6 30. Ke2 Kd6 31. Ne1 e5 32. Nc2 Ke6 33. Ne3
Rc5 34. Rb4 f5 35. Nc4 b5 36. Ne3 Nb6 37. Kd3 Nd5 38. Nxd5 e4+ 39. Ke3 Rxd5 40.
a4 bxa4 41. Rxa4 Rd3+ 42. Ke2 Ke5 43. Ra5+ Kf6 44. Ra6+ Kf7 45. Ra5 Rf3 46. Rb5
Kg6 47. Rb3 Rxb3 48. axb3 Kf6 49. f3 g5 50. fxe4 gxh4 51. gxh4 fxe4 52. Ke3 Ke5
53. b4 Kd5 54. b5 Kc5 55. Kxe4 Kxb5 56. Kf5 1-0

[Event "Kronborg Chess Open 2022 Master 2"]
[Site "Helsingor"]
[Date "2022.05.26"]
[Round "2"]
[White "Meskenas, Paulius"]
[Black "Goh, Zi Han"]
[Result "0-1"]
[WhiteElo "2128"]
[BlackElo "2087"]
[PlyCount "94"]
[EventDate "2022.05.26"]
[EventType "tourn"]
[EventRounds "7"]
[EventCountry "DEN"]

1. e4 c5 2. c3 d6 3. d4 Nf6 4. Qc2 g6 5. Nf3 Bg7 6. h3 O-O 7. Be3 Nbd7 8. Nbd2
b6 9. Bd3 Bb7 10. O-O Rc8 11. Qb3 d5 12. exd5 Nxd5 13. Rae1 Nxe3 14. fxe3 cxd4
15. cxd4 e5 16. Ne4 Qe7 17. Kh1 Kh8 18. Bb1 h6 19. Nc3 Bxf3 20. Rxf3 exd4 21.
Nd5 Qh4 22. Ref1 dxe3 23. Qxe3 Rce8 24. Qb3 Re1 25. Nf4 Ne5 26. g3 Nxf3 27.
gxh4 Rxf1+ 28. Kg2 Nd2 29. Qc2 Rxb1 30. Nd3 Rd8 31. Kf2 Rxd3 32. Qxd3 Rxb2 33.
Qd5 Nc4+ 34. Kg1 Ne5 35. h5 Kh7 36. h4 Rd2 37. Qb3 Rd6 38. hxg6+ fxg6 39. Qa4
a5 40. Kf1 h5 41. Qb5 Nf3 42. Qa4 Rd4 43. Qb5 Rb4 44. Qc6 Nxh4 45. a3 Rb2 46.
Qe4 Nf5 47. Qe6 Ng3+ 0-1

[Event "Kronborg Chess Open 2022 Master 2"]
[Site "Helsingor"]
[Date "2022.05.27"]
[Round "3"]
[White "Jorgensen, Dennis"]
[Black "Bergsson, Stefan"]
[Result "1-0"]
[WhiteElo "2129"]
[BlackElo "2090"]
[PlyCount "73"]
[EventDate "2022.05.26"]
[EventType "tourn"]
[EventRounds "7"]
[EventCountry "DEN"]

1. d4 Nf6 2. Nf3 g6 3. g3 Bg7 4. Bg2 O-O 5. O-O d6 6. c4 Nbd7 7. Nc3 e5 8. dxe5
dxe5 9. Qc2 c6 10. Rd1 Qc7 11. e4 Nc5 12. Be3 Ne6 13. h3 Nh5 14. c5 f5 15. Ne2
f4 16. Bd2 fxg3 17. fxg3 Nd4 18. Nfxd4 exd4 19. g4 Nf6 20. Bf4 Qf7 21. Rf1 Re8
22. Bd6 Qd7 23. Qd3 b6 24. e5 Nd5 25. Nxd4 Bb7 26. Rae1 Kh8 27. e6 Qc8 28. Rf7
bxc5 29. Bxc5 Ba6 30. Qf3 Rg8 31. e7 Qe8 32. Qf2 Rb8 33. b3 Nb4 34. Rxg7 Rxg7
35. Qf8+ Rg8 36. Qf6+ Rg7 37. Ne6 1-0

[Event "Kronborg Chess Open 2022 Master 2"]
[Site "Helsingor"]
[Date "2022.05.27"]
[Round "3"]
[White "Koukas, Anastasios"]
[Black "Meskenas, Paulius"]
[Result "1/2-1/2"]
[WhiteElo "2078"]
[BlackElo "2128"]
[PlyCount "74"]
[EventDate "2022.05.26"]
[EventType "tourn"]
[EventRounds "7"]
[EventCountry "DEN"]

1. e4 e5 2. Nf3 Nc6 3. d4 exd4 4. Nxd4 Nf6 5. Nxc6 bxc6 6. e5 Qe7 7. Qe2 Nd5 8.
h4 d6 9. c4 Ba6 10. Bg5 f6 11. exf6 gxf6 12. Qxe7+ Bxe7 13. cxd5 Bxf1 14. Kxf1
fxg5 15. dxc6 gxh4 16. Nc3 O-O 17. Nd5 Bd8 18. Rh3 Rb8 19. Rb3 Rxb3 20. axb3
Rf5 21. Rxa7 Rxd5 22. Ra8 Rd1+ 23. Ke2 Rb1 24. Rxd8+ Kf7 25. Rd7+ Ke6 26. Rxc7
Rxb2+ 27. Kd3 Kd5 28. Rxh7 Kxc6 29. Rxh4 Rxf2 30. Rc4+ Kd5 31. Rc2 Rf4 32. Rb2
Rg4 33. Ke3 Rb4 34. Rb1 Ke5 35. Rb2 Kd5 36. Kf3 Ke5 37. Ke3 Kd5 1/2-1/2

[Event "Kronborg Chess Open 2022 Master 2"]
[Site "Helsingor"]
[Date "2022.05.27"]
[Round "3"]
[White "Andersen, Lars Rene"]
[Black "Kakulidis, Ellen"]
[Result "1-0"]
[WhiteElo "2098"]
[BlackElo "2083"]
[PlyCount "77"]
[EventDate "2022.05.26"]
[EventType "tourn"]
[EventRounds "7"]
[EventCountry "DEN"]

1. f4 Nf6 2. Nf3 g6 3. b3 Bg7 4. Bb2 O-O 5. e3 c5 6. Bd3 Nc6 7. Nc3 d5 8. O-O
Nb4 9. Be2 d4 10. Na4 dxe3 11. dxe3 Qxd1 12. Bxd1 b6 13. h3 Bf5 14. Ne1 Rad8
15. g4 Bc8 16. Bf3 h5 17. g5 Nfd5 18. Bxg7 Kxg7 19. a3 Nxe3 20. axb4 Nxf1 21.
Kxf1 Bxh3+ 22. Ke2 cxb4 23. Nb2 Rd7 24. Ra6 Rfd8 25. Nbd3 Rc7 26. Nxb4 Bc8 27.
Ra1 Bb7 28. Bxb7 Rxb7 29. c4 a5 30. Nd5 Rd6 31. Nf3 f6 32. Ke3 Rbd7 33. Ke2
fxg5 34. fxg5 e6 35. Nf6 Rd8 36. c5 bxc5 37. Rxa5 Rc6 38. Ra7+ Kf8 39. Ne5 1-0

[Event "Kronborg Chess Open 2022 Master 2"]
[Site "Helsingor"]
[Date "2022.05.27"]
[Round "3"]
[White "Goh, Zi Han"]
[Black "Sevastianov, Andrii"]
[Result "1-0"]
[WhiteElo "2087"]
[BlackElo "2108"]
[PlyCount "35"]
[EventDate "2022.05.26"]
[EventType "tourn"]
[EventRounds "7"]
[EventCountry "DEN"]

1. Nf3 d5 2. c4 e6 3. g3 dxc4 4. Qa4+ Nd7 5. Qxc4 Ngf6 6. Bg2 Be7 7. O-O O-O 8.
Rd1 a6 9. Qc2 Ra7 10. d4 b6 11. Nc3 Bb7 12. Bf4 Bd6 13. Bxd6 cxd6 14. e4 Qa8
15. d5 exd5 16. exd5 Nxd5 17. Nxd5 Bxd5 18. Ng5 1-0

[Event "Kronborg Chess Open 2022 Master 2"]
[Site "Helsingor"]
[Date "2022.05.28"]
[Round "4"]
[White "Bergsson, Stefan"]
[Black "Andersen, Lars Rene"]
[Result "1-0"]
[WhiteElo "2090"]
[BlackElo "2098"]
[PlyCount "60"]
[EventDate "2022.05.26"]
[EventType "tourn"]
[EventRounds "7"]
[EventCountry "DEN"]

1. d4 g6 2. e4 Bg7 3. Nc3 d6 4. Be2 c6 5. h4 h6 6. Be3 a6 7. h5 g5 8. f4 gxf4
9. Bxf4 Qb6 10. Nf3 Qxb2 11. Bd2 Qb6 12. Rb1 Qc7 13. Be3 Nf6 14. Nh4 e6 15. O-O
Nbd7 16. a4 d5 17. e5 Nh7 18. Bd3 c5 19. Qg4 Ng5 20. Bxg5 hxg5 21. Rxf7 Kxf7
22. Rf1+ Nf6 23. Qxg5 Rh6 24. Ng6 Rh7 25. exf6 Bh6 26. Ne5+ Kf8 27. Qg3 cxd4
28. Bxh7 Qxh7 29. Ng6+ Ke8 30. f7+ Kd7 1-0

[Event "Kronborg Chess Open 2022 Master 2"]
[Site "Helsingor"]
[Date "2022.05.28"]
[Round "4"]
[White "Koukas, Anastasios"]
[Black "Jorgensen, Dennis"]
[Result "1-0"]
[WhiteElo "2078"]
[BlackElo "2129"]
[PlyCount "87"]
[EventDate "2022.05.26"]
[EventType "tourn"]
[EventRounds "7"]
[EventCountry "DEN"]

1. e4 g6 2. d4 Bg7 3. Be3 c6 4. c3 d5 5. e5 f6 6. f4 Nh6 7. Be2 Nf5 8. Bf2 fxe5
9. fxe5 Bh6 10. Nf3 Qb6 11. b3 Ne3 12. Bxe3 Bxe3 13. Nbd2 O-O 14. Nf1 Bf4 15.
Ng3 Bg4 16. Ng1 Bd7 17. Nf3 Bg4 18. Qd3 Nd7 19. Rf1 Kg7 20. Nh4 Bxe2 21. Kxe2
Bg5 22. Nf3 Bf4 23. Kd1 e6 24. Ne2 Bh6 25. Kc2 c5 26. g4 Kg8 27. h4 cxd4 28.
cxd4 Rac8+ 29. Kb2 Rc6 30. g5 Bg7 31. h5 Rfc8 32. Rac1 gxh5 33. Rxc6 bxc6 34.
Nf4 Nf8 35. Nxh5 Qb5 36. Nf6+ Kf7 37. Ne1 Bxf6 38. Rxf6+ Kg7 39. Qf3 Qb7 40.
Nd3 Re8 41. Nf2 c5 42. Ng4 Qb4 43. Rf7+ Kg6 44. Rg7+ 1-0

[Event "Kronborg Chess Open 2022 Master 2"]
[Site "Helsingor"]
[Date "2022.05.28"]
[Round "4"]
[White "Kakulidis, Ellen"]
[Black "Goh, Zi Han"]
[Result "0-1"]
[WhiteElo "2083"]
[BlackElo "2087"]
[PlyCount "174"]
[EventDate "2022.05.26"]
[EventType "tourn"]
[EventRounds "7"]
[EventCountry "DEN"]

1. d4 d5 2. c4 c6 3. cxd5 cxd5 4. Nf3 Nf6 5. Nc3 Nc6 6. e3 a6 7. Ne5 e6 8. f4
Bb4 9. Bd3 O-O 10. O-O Ne7 11. Bd2 Nf5 12. Qf3 Nd6 13. Rfc1 Bd7 14. Nb1 Qb6 15.
Bxb4 Qxb4 16. Nxd7 Nxd7 17. Qe2 Rfc8 18. Nc3 Qa5 19. f5 Nxf5 20. Bxf5 exf5 21.
Qf3 Nf6 22. Qxf5 Re8 23. Re1 Re7 24. e4 Qb4 25. Nxd5 Qxd4+ 26. Qf2 Qxf2+ 27.
Kxf2 Nxd5 28. exd5 Rd7 29. Red1 Re8 30. Rd2 Re5 31. Rc1 f6 32. Rc8+ Kf7 33. d6
Ke6 34. Rc7 Rxc7 35. dxc7 Rc5 36. a3 Rxc7 37. Ke3 Ke5 38. h4 h5 39. g3 g6 40.
Kf3 a5 41. Re2+ Kf5 42. Rd2 Rc5 43. Re2 Rd5 44. Re3 a4 45. Re2 Rd3+ 46. Kg2 b5
47. Rf2+ Ke5 48. Rc2 Rb3 49. Rd2 Ke4 50. Kf2 Rd3 51. Re2+ Kf5 52. Kg2 Rb3 53.
Rd2 Ke4 54. Kf2 Rf3+ 55. Kg2 Ke3 56. Rc2 Rf5 57. Rc3+ Ke4 58. Rc2 Rd5 59. Kf2
Kd3 60. Rc3+ Kd2 61. Rc6 Kd3 62. Rc3+ Kd2 63. Rc6 Rf5+ 64. Kg2 g5 65. hxg5 fxg5
66. Rc3 Re5 67. Kf2 h4 68. gxh4 gxh4 69. Rh3 Re4 70. b3 Rf4+ 71. Kg2 Rg4+ 72.
Kf1 Rf4+ 73. Kg2 Kc2 74. bxa4 bxa4 75. Re3 Kb2 76. Kh3 Rc4 77. Kh2 Rc3 78. Re4
Kxa3 79. Rxh4 Kb3 80. Rh8 a3 81. Rb8+ Kc2 82. Ra8 Kb2 83. Rb8+ Rb3 84. Rg8 a2
85. Rg2+ Ka3 86. Rg1 Rb1 87. Rg3+ Kb4 0-1

[Event "Kronborg Chess Open 2022 Master 2"]
[Site "Helsingor"]
[Date "2022.05.28"]
[Round "4"]
[White "Meskenas, Paulius"]
[Black "Sevastianov, Andrii"]
[Result "1/2-1/2"]
[WhiteElo "2128"]
[BlackElo "2108"]
[PlyCount "129"]
[EventDate "2022.05.26"]
[EventType "tourn"]
[EventRounds "7"]
[EventCountry "DEN"]

1. e4 c6 2. d4 d5 3. Nc3 dxe4 4. Nxe4 Nf6 5. Nxf6+ exf6 6. c3 Bd6 7. Bd3 Na6 8.
Ne2 Nc7 9. a3 a5 10. c4 b5 11. b3 O-O 12. Qc2 g6 13. h4 a4 14. bxa4 bxc4 15.
Bxc4 Bf5 16. Bd3 Bxd3 17. Qxd3 Re8 18. O-O Ne6 19. g3 Nxd4 20. Nxd4 Be5 21. Bb2
c5 22. Rfd1 cxd4 23. f4 Bc7 24. Bxd4 Rxa4 25. Bf2 Bb6 26. Qxd8 Bxd8 27. Rd3 Be7
28. Re1 Kf8 29. Rde3 f5 30. Kg2 Re4 31. Rxe4 fxe4 32. Rxe4 Bxa3 33. Ra4 Be7 34.
g4 Bf6 35. Kf3 Kg8 36. Ra6 Bb2 37. Rb6 Ba1 38. f5 gxf5 39. gxf5 Kg7 40. Be3 Bf6
41. h5 h6 42. Bxh6+ Kxh6 43. Rxf6+ Kxh5 44. Kf4 Re7 45. Ra6 Rb7 46. Ra1 Kh6 47.
Rg1 Rb6 48. Ke4 Ra6 49. Ke5 Ra5+ 50. Kf6 Ra6+ 51. Kxf7 Ra7+ 52. Kf6 Ra6+ 53.
Ke5 Ra5+ 54. Kf4 Ra4+ 55. Kf3 Ra3+ 56. Kg4 Ra4+ 57. Kh3 Ra3+ 58. Kh4 Ra4+ 59.
Rg4 Rxg4+ 60. Kxg4 Kg7 61. Kg5 Kf7 62. f6 Kf8 63. Kg6 Kg8 64. f7+ Kf8 65. Kf6
1/2-1/2

[Event "Kronborg Chess Open 2022 Master 2"]
[Site "Helsingor"]
[Date "2022.05.28"]
[Round "5"]
[White "Goh, Zi Han"]
[Black "Bergsson, Stefan"]
[Result "0-1"]
[WhiteElo "2087"]
[BlackElo "2090"]
[PlyCount "76"]
[EventDate "2022.05.26"]
[EventType "tourn"]
[EventRounds "7"]
[EventCountry "DEN"]

1. c4 Nf6 2. Nc3 g6 3. g3 Bg7 4. Bg2 O-O 5. Nf3 d6 6. O-O e5 7. d3 c6 8. Rb1
Re8 9. Bg5 h6 10. Bxf6 Qxf6 11. b4 a5 12. b5 Be6 13. Nd2 Qd8 14. Qb3 a4 15. Qa3
d5 16. bxc6 bxc6 17. cxd5 cxd5 18. Rb5 Bf8 19. Qb2 a3 20. Qb1 Nc6 21. Bxd5 Nd4
22. Bxe6 Rxe6 23. Rb7 Rc8 24. Nc4 e4 25. Qd1 Qg5 26. Qa4 exd3 27. Qd7 Qf6 28.
Qxc8 dxe2 29. Nxe2 Nxe2+ 30. Kg2 Nd4 31. Nd2 Re2 32. Rb8 Qe7 33. Nb3 Qe4+ 34.
Kh3 Ne6 35. Rb5 f5 36. Qxe6+ Qxe6 37. Nd4 Qd7 38. Nxe2 Qxb5 0-1

[Event "Kronborg Chess Open 2022 Master 2"]
[Site "Helsingor"]
[Date "2022.05.28"]
[Round "5"]
[White "Andersen, Lars Rene"]
[Black "Koukas, Anastasios"]
[Result "1-0"]
[WhiteElo "2098"]
[BlackElo "2078"]
[PlyCount "101"]
[EventDate "2022.05.26"]
[EventType "tourn"]
[EventRounds "7"]
[EventCountry "DEN"]

1. e4 e5 2. Nf3 Nf6 3. Nxe5 d6 4. Nf3 Nxe4 5. d4 d5 6. Bd3 Nc6 7. h3 Bf5 8. O-O
Nd6 9. Bf4 Bxd3 10. Qxd3 Qd7 11. Nc3 Nc4 12. Rfe1+ Be7 13. b3 Nb6 14. Nb5 Rc8
15. c4 O-O 16. c5 Na8 17. a3 Bf6 18. b4 a6 19. Nc3 Ne7 20. Re2 Ng6 21. Bg3 c6
22. a4 Nc7 23. Rb2 Ne6 24. b5 Nef4 25. bxc6 Rxc6 26. Qc2 Ne6 27. Qd3 Nd8 28.
Rab1 Re8 29. Nd2 Rce6 30. Kh2 h5 31. Nf3 h4 32. Bb8 Re4 33. Rb6 Qf5 34. Qd2
R4e7 35. Rd6 Rd7 36. Rxd7 Qxd7 37. Bd6 Qf5 38. Rb6 Qd7 39. Qa2 Ne6 40. Nxd5 Bd8
41. Rb3 Qc6 42. Ne3 Qe4 43. Qb1 Nxd4 44. Qxe4 Rxe4 45. Nxd4 Rxd4 46. Rxb7 Ba5
47. Ra7 Be1 48. Nc2 Bxf2 49. Nxd4 Bxd4 50. Rxa6 Kh7 51. c6 1-0

[Event "Kronborg Chess Open 2022 Master 2"]
[Site "Helsingor"]
[Date "2022.05.28"]
[Round "5"]
[White "Jorgensen, Dennis"]
[Black "Meskenas, Paulius"]
[Result "1/2-1/2"]
[WhiteElo "2129"]
[BlackElo "2128"]
[PlyCount "78"]
[EventDate "2022.05.26"]
[EventType "tourn"]
[EventRounds "7"]
[EventCountry "DEN"]

1. d4 Nf6 2. Nf3 g6 3. g3 Bg7 4. Bg2 d5 5. c4 O-O 6. O-O dxc4 7. Na3 Nc6 8.
Nxc4 Be6 9. b3 Bd5 10. Bb2 a5 11. Ne3 Be4 12. a3 Ra6 13. Rc1 b5 14. Ne5 Bxg2
15. Nxg2 Nxe5 16. dxe5 Nd7 17. f4 c5 18. Ne3 Qc8 19. Qd3 Qc6 20. Nd5 Re8 21. a4
bxa4 22. bxa4 Ra7 23. Qe4 Qb7 24. Ba3 Nb6 25. Rfd1 e6 26. Nc3 Bf8 27. Qxb7 Rxb7
28. Ne4 Rc8 29. Bxc5 Rbc7 30. Rb1 Rxc5 31. Rxb6 Rc2 32. Kf1 Rc1 33. Rxc1 Rxc1+
34. Kg2 Rc4 35. Nf6+ Kg7 36. Ne8+ Kg8 37. Nf6+ Kg7 38. Ne8+ Kg8 39. Nf6+ Kg7
1/2-1/2

[Event "Kronborg Chess Open 2022 Master 2"]
[Site "Helsingor"]
[Date "2022.05.28"]
[Round "5"]
[White "Sevastianov, Andrii"]
[Black "Kakulidis, Ellen"]
[Result "1/2-1/2"]
[WhiteElo "2108"]
[BlackElo "2083"]
[PlyCount "61"]
[EventDate "2022.05.26"]
[EventType "tourn"]
[EventRounds "7"]
[EventCountry "DEN"]

1. c4 e6 2. g3 d5 3. Bg2 Nf6 4. Nf3 Be7 5. O-O O-O 6. b3 b6 7. Bb2 Bb7 8. e3 c5
9. Nc3 Qc8 10. cxd5 Nxd5 11. Rc1 Rd8 12. d4 Nxc3 13. Bxc3 Nd7 14. Qd2 a5 15.
Qb2 Bf6 16. a3 Bd5 17. dxc5 Bxc3 18. Rxc3 bxc5 19. Nd2 Bxg2 20. Kxg2 Qb7+ 21.
f3 a4 22. Qc2 axb3 23. Rxb3 Qc7 24. Nc4 Ne5 25. Rf2 Nxc4 26. Qxc4 h6 27. Rc2
Ra5 28. a4 Rda8 29. Rb5 Rxa4 30. Qxc5 Qxc5 31. Rbxc5 1/2-1/2

[Event "Kronborg Chess Open 2022 Master 2"]
[Site "Helsingor"]
[Date "2022.05.29"]
[Round "6"]
[White "Bergsson, Stefan"]
[Black "Sevastianov, Andrii"]
[Result "0-1"]
[WhiteElo "2090"]
[BlackElo "2108"]
[PlyCount "77"]
[EventDate "2022.05.26"]
[EventType "tourn"]
[EventRounds "7"]
[EventCountry "DEN"]

1. d4 d5 2. c4 e6 3. Nc3 Nf6 4. cxd5 exd5 5. Bg5 c6 6. e3 Be7 7. Qc2 Nbd7 8.
Bd3 h6 9. Bh4 Nh5 10. Bxe7 Qxe7 11. O-O-O Nb6 12. Kb1 Nf6 13. h3 Be6 14. Nf3
O-O-O 15. Na4 Nxa4 16. Qxa4 Kb8 17. Rc1 Ne4 18. Rc2 Bf5 19. Rd1 f6 20. Ka1 g5
21. Ne1 h5 22. Bxe4 Bxe4 23. Rc3 g4 24. hxg4 hxg4 25. f3 gxf3 26. gxf3 Bf5 27.
Ra3 a6 28. Qa5 Rh1 29. e4 Re8 30. Re3 Qg7 31. Rb3 dxe4 32. d5 cxd5 33. f4 Qd7
34. a3 e3 35. Ka2 d4 36. Rb6 d3 37. Qxa6 d2 38. Nc2 Rxd1 39. Nb4 0-1

[Event "Kronborg Chess Open 2022 Master 2"]
[Site "Helsingor"]
[Date "2022.05.29"]
[Round "6"]
[White "Koukas, Anastasios"]
[Black "Goh, Zi Han"]
[Result "1-0"]
[WhiteElo "2078"]
[BlackElo "2087"]
[PlyCount "79"]
[EventDate "2022.05.26"]
[EventType "tourn"]
[EventRounds "7"]
[EventCountry "DEN"]

1. e4 c5 2. c3 d6 3. d4 Nf6 4. Bd3 g6 5. h3 Bg7 6. Nf3 O-O 7. O-O Nfd7 8. Re1
Nc6 9. Be3 Rb8 10. Qd2 b5 11. Bh6 Qb6 12. Bxg7 Kxg7 13. Qe3 e5 14. dxe5 Ndxe5
15. Nxe5 dxe5 16. Na3 a6 17. Rad1 Be6 18. Bb1 b4 19. Nc2 Qa5 20. Qg3 Bxa2 21.
Ne3 Bxb1 22. Nf5+ Kh8 23. Qh4 f6 24. Rd7 h5 25. Re3 Nd4 26. cxd4 Qa4 27. Ra7
Qd1+ 28. Kh2 g5 29. Re1 gxh4 30. Rxd1 Bxe4 31. Nd6 cxd4 32. Nxe4 Rb6 33. Rc1
Rd8 34. Rcc7 d3 35. Rh7+ Kg8 36. Rag7+ Kf8 37. Nc5 Rbd6 38. Nd7+ R6xd7 39. Rxd7
Ke8 40. Rhe7+ 1-0

[Event "Kronborg Chess Open 2022 Master 2"]
[Site "Helsingor"]
[Date "2022.05.29"]
[Round "6"]
[White "Jorgensen, Dennis"]
[Black "Andersen, Lars Rene"]
[Result "1-0"]
[WhiteElo "2129"]
[BlackElo "2098"]
[PlyCount "33"]
[EventDate "2022.05.26"]
[EventType "tourn"]
[EventRounds "7"]
[EventCountry "DEN"]

1. d4 Nf6 2. Nf3 g6 3. g3 Bg7 4. Bg2 O-O 5. O-O d6 6. c4 Nc6 7. Nc3 a6 8. h3
Rb8 9. Qd3 b5 10. d5 Na5 11. cxb5 axb5 12. b4 Nc4 13. Nd4 Bd7 14. Rb1 Rb6 15.
f4 Qa8 16. a4 Rfb8 17. axb5 1-0

[Event "Kronborg Chess Open 2022 Master 2"]
[Site "Helsingor"]
[Date "2022.05.29"]
[Round "6"]
[White "Meskenas, Paulius"]
[Black "Kakulidis, Ellen"]
[Result "1-0"]
[WhiteElo "2128"]
[BlackElo "2083"]
[PlyCount "129"]
[EventDate "2022.05.26"]
[EventType "tourn"]
[EventRounds "7"]
[EventCountry "DEN"]

1. e4 c5 2. c3 Nf6 3. e5 Nd5 4. Nf3 d6 5. d4 cxd4 6. cxd4 Nc6 7. Bc4 dxe5 8.
dxe5 Nb6 9. Qxd8+ Nxd8 10. Bb5+ Bd7 11. Nc3 a6 12. Bxd7+ Nxd7 13. O-O e6 14.
Rd1 Nc6 15. Bf4 Rd8 16. Rd2 Be7 17. Rad1 Nc5 18. Nd4 Nxd4 19. Rxd4 Rxd4 20.
Rxd4 Nd7 21. Rc4 Kd8 22. Ne4 Nb6 23. Rc2 Nd5 24. Bd2 Kd7 25. Kf1 b6 26. Ke2 h6
27. f4 Rc8 28. Rxc8 Kxc8 29. a3 Kd7 30. Kd3 Kc6 31. Kc4 b5+ 32. Kd4 h5 33. g3
g6 34. Ba5 h4 35. Bd2 hxg3 36. hxg3 Bd8 37. Kd3 Bb6 38. Ng5 Bf2 39. g4 f5 40.
exf6 Nxf6 41. Nxe6 Nxg4 42. Nf8 Kd5 43. Nxg6 Ke6 44. Nf8+ Kf5 45. Nd7 Bg3 46.
Nb8 Bxf4 47. Bxf4 Kxf4 48. Nxa6 Ne5+ 49. Kc3 Nc4 50. Nc7 Nd6 51. Kb4 Nc4 52. b3
Nd2 53. Nxb5 Ke5 54. a4 Kd5 55. Na3 Kc6 56. Nc4 Nxb3 57. Kxb3 Kb7 58. Kb4 Ka6
59. Kc5 Ka7 60. Kb5 Kb7 61. Nd6+ Ka7 62. a5 Ka8 63. Kb6 Kb8 64. Nb5 Kc8 65. Nc7
1-0